WHO TECHNICAL REPORT SERIES 994 (Record no. 14132)

MARC details
000 -LEADER
fixed length control field 00239nam a22001217a 4500
003 - CONTROL NUMBER IDENTIFIER
control field SGT
082 ## - DEWEY DECIMAL CLASSIFICATION NUMBER
Classification number 616.024
Item number W15W
100 ## - MAIN ENTRY--PERSONAL NAME
Personal name WHO
245 ## - TITLE STATEMENT
Title WHO TECHNICAL REPORT SERIES 994
260 ## - PUBLICATION, DISTRIBUTION, ETC. (IMPRINT)
Name of publisher, distributor, etc WHO
Year of Publication 2015
300 ## - PAGE DESCRIPTION
No. of Pages 546
942 ## - ADDED ENTRY ELEMENTS (KOHA)
Source of classification or shelving scheme Dewey Decimal Classification
Koha item type Books
Holdings
Withdrawn status Lost status Source of classification or shelving scheme Damaged status Not for loan Collection code Home library Current library Shelving location Date acquired Vendor Name SGTU Total Checkouts Full call number Accession No. (Barcode) Date last seen Bill Date Koha item type
    Dewey Decimal Classification     MEDICAL SGT Medical Library SGT Medical Library Reference Book 22/12/2017 ABC DELHI SGTU   616.024 W15W FM9040 22/12/2017 22/12/2017 Books